Responses for Show #7196 - Monday, December 21, 2015

Second game in which reigning champion did not return.
Alex returns from a full knee replacement, stays at his lectern during the contestant interviews, and uses a cane during the closing credits chat.

Contestants

[<< previous game]

Shoshana Gordon Ginsburg, a children's librarian from Washington, D.C.

Jay O'Brien, a physics instructor from Waterford, New York

Liz Quesnelle, a retail store owner from Pittsburgh, Pennsylvania

[next game >>]

Jeopardy! Round responses

COMMON BOND CUISINE
NOVELISTS
MEASURED WORDS
NOPE, NOT BORN IN AUSTRALIA
OUR BODIES
OUR ELVES
    $200 1
chowder

Liz
    $200 17
(Salman) Rushdie

Shoshana
    $200 6
(Jay: What is liter?)

yard

LizJay
    $200 12
Nicole Kidman

Liz
    $200 7
to jaw

Liz
    $200 24
Harry Potter

Liz
    $400 2
rice

Liz
    $400 21
Edgar Rice Burroughs

Jay
    $400 30
a hand

Liz
    $400 13
Mel Gibson

Jay
    $1,000 8
Atlas

Liz
    $400 25
Keebler

Jay
    $600 3
(Shoshana: What are oysters?)

onions

LizShoshana
    $600 20
the madding crowd

Liz
    $600 29
league

Jay
    $600 14
Russell Crowe

Jay
    $600 9
(Liz: What is the ulna?)

radius

LizJay
    $600 28
Lego

Liz
    $800 4
(Jay: What are peppers?)

pies

Jay
Triple Stumper
    $800 19
John Irving

Shoshana
    $800 23
cups

Shoshana
    $800 15
Olivia Newton-John

Liz
    $800 10
the cerebellum

Triple Stumper
    $800 27
Evangeline Lilly

Shoshana
    $1000 5
pancakes

Liz
    $1000 18
Terry McMillan

Shoshana
    $1000 22
Hertz

Jay
    $1000 16
the Bee Gees

Liz
    $1000 11
(Liz: What is the esophagus?)

the trachea

Liz
Triple Stumper
    $1000 26
the shoemaker

Shoshana

Scores at the first commercial break (after clue 14):

Liz Jay Shoshana
$2,200 $600 -$600

Scores at the end of the Jeopardy! Round:

Liz Jay Shoshana
$5,800 $3,000 $4,000

Double Jeopardy! Round responses

WORLD WAR I
DOUBLE F WORDS
I HATE QUOTES
COLORFUL U.S. CITIES
A FABRIC-ATED CATEGORY
REMEMBER THE '80s?
    $400 9
(Shoshana: Who was Nicholas I?)

Nicholas II

LizShoshana
    $400 5
Matthew

Shoshana
    $400 19
(Jay: What is wool?)

camel's hair

Jay
Triple Stumper
    $400 27
[The end-of-round signal sounds.]

the Rubik's Cube

Liz
    $800 10
the Lusitania

Jay
    $800 7
offline

Liz
    $800 6
Leaves of Grass

Liz
    $800 20
(Liz: What is hemp?)

bamboo

Liz
Triple Stumper
    $800 4
Pac-Man

Shoshana
    $3,200 11
Mexico

Jay
    $1200 8
in effigy

Triple Stumper
    $1200 21
Harrison Ford

Jay
    $1200 16
Ohio

Shoshana
    $1200 24
Chantilly

Liz
    $1200 1
Rick Springfield

Liz
    $1600 12
(John J.) Pershing

Jay
    $1600 14
(Jay: What is an affirmation?)

an affidavit

Jay
Triple Stumper
    $1600 22
a hate crime

Liz
    $1600 17
West Orange

Triple Stumper
    $1600 25
twill

Triple Stumper
    $1600 3
Gordon Gekko

Liz
    $2000 13
(Jay: What is Gallipoli?)

the Dardanelles

Jay
Triple Stumper
    $2000 15
a gaff

Triple Stumper
    $2000 23
(Alex: And she says that in [*]. Less than a minute now, Liz.

Twelfth Night

Triple Stumper
    $4,000 18
Auburn

Shoshana
    $2000 26
(Jay: What is polyester?)

canvas

Jay
Triple Stumper
    $2000 2
Cyndi Lauper

Liz

Scores at the end of the Double Jeopardy! Round:

Liz Jay Shoshana
$15,000 $3,800 $10,000

[wagering suggestions for these scores]

Final Jeopardy! Round responses

PUBLISHING
[During the credits chat, Liz shows off her nails again.]
JayWhat is Random House?
$3,799
ShoshanaWhat is Random House?
$7,500
LizWhat is Random House?
$5,001
Random House

Final scores:

Liz Jay Shoshana
$20,001 $7,599 $17,500
New champion: $20,001 3rd place: $1,000 2nd place: $2,000

Game dynamics:

Coryat scores:

Liz Jay Shoshana
$14,400 $1,800 $8,000
23 R
(including 1 DD),
3 W
11 R
(including 1 DD),
6 W
10 R
(including 1 DD),
2 W

Combined Coryat: $24,200

[game clues] [game scores] [suggest correction]

Game tape date: 2015-12-01
The J! Archive is created by fans, for fans. Scraping, republication, monetization, and malicious use prohibited; this site may use cookies and collect identifying information. See terms. The Jeopardy! game show and all elements thereof, including but not limited to copyright and trademark thereto, are the property of Jeopardy Productions, Inc. and are protected under law. This website is not affiliated with, sponsored by, or operated by Jeopardy Productions, Inc. Join the discussion at JBoard.tv.